All City in Indonesia - Statistics

General Stats
  • This quiz has been taken 154 times
  • The average score is 44 of 94
Answer Stats
Answer % Correct
Jakarta
94%
Bandung
89%
Surabaya
85%
Medan
84%
Denpasar
82%
Yogyakarta
82%
Semarang
80%
Palembang
78%
Makassar
76%
Malang
76%
Surakarta
76%
Tangerang
75%
Padang
73%
Banjar
72%
Bekasi
69%
Bogor
68%
Jayapura
67%
Ambon
65%
Banda Aceh
65%
Depok
65%
Jambi
65%
Manado
65%
Palu
65%
Pontianak
65%
Bandar Lampung
64%
Gorontalo
62%
Pekanbaru
62%
Serang
62%
Batam
61%
Banjarmasin
60%
Balikpapan
59%
Samarinda
59%
Cirebon
57%
Palangkaraya
55%
Bengkulu
54%
Tanjung Pinang
52%
Kupang
51%
Mataram
51%
Batu
48%
Bukittinggi
47%
Kediri
46%
Kendari
46%
Cimahi
45%
Ternate
45%
Sabang
44%
Sukabumi
44%
Tasikmalaya
44%
Pangkal Pinang
43%
Sorong
43%
Banjarbaru
42%
Tegal
42%
Magelang
40%
Cilegon
39%
Dumai
37%
Madiun
37%
Salatiga
37%
Tarakan
36%
Binjai
35%
Blitar
35%
Metro
35%
Pekalongan
35%
Tangerang Selatan
35%
Baubau
34%
Lhokseumawe
32%
Parepare
32%
Probolinggo
32%
Bima
31%
Mojokerto
30%
Singkawang
29%
Padang Panjang
28%
Sibolga
28%
Tidore Kepulauan
28%
Langsa
27%
Pagar Alam
27%
Lubuklinggau
26%
Pematangsiantar
26%
Bitung
25%
Pasuruan
25%
Payakumbuh
25%
Pariaman
24%
Sungai Penuh
24%
Tanjungbalai
24%
Bontang
23%
Gunungsitoli
23%
Solok
23%
Tomohon
23%
Palopo
22%
Prabumulih
22%
Subulussalam
22%
Tebing Tinggi
22%
Padang Sidempuan
21%
Sawahlunto
18%
Kotamobagu
17%
Tual
13%
No matching quizzes found
Score Distribution
Percent of People with Each Score
Percentile by Number Answered
Your Score History
You have not taken this quiz